000 00909nam a2200133 4500
999 _c2858
_d2858
020 _a9988113390
050 _aHF 5667
_b.043
100 _aKwame Bosiako Omane -Antwi
245 _aAuditing theory and practice (the auditing compendium)
260 _aTema
_bDigibooks Ghana Ltd
_c2009
300 _axxviii, 698 pg
505 _aAuditing in perspective The appointed auditor Initial Audit Work Procedural Audit - part I Procedural Audit - part II Internal Auditing Verification of balance sheet items - part I Verification of balance sheet items - part II Verification of balance sheet items- part III The auditor's report The audit approach to computers Systematic approach to specialised audits Audit (quality) assurance and assurance services The statutory audit- understanding the legal duties and responsibilities of the auditor Corporate Governance and the role of the auditor
942 _cBK